La sangre de los otros / (Registro nro. 9143)

Detalles MARC
000 -CABECERA
Campo de control interno 01666nam a2200241Ia 4500
008 - ELEMENTOS DE LONGITUD FIJA - INFORMACIÓN GENERAL
Campo de control de longitud fija 260220t1985||||xx |||||||||||||| ||spa||
040 ## - FUENTE DE CATALOGACIÓN
Agencia de catalogación original PY-SlUNAC
Idioma de catalogación spa
Convenciones de descripción rda
041 ## - CÓDIGO DE IDIOMA
Código de idioma para texto/pista de sonido o título separado spa
082 ## - NÚMERO DE CLASIFICACIÓN DECIMAL DEWEY
Clasificación Decimal Dewey (CDD) 843
Clasificación Expansiva de Cutter (EC) B386s
100 ## - ASIENTO PRINCIPAL - NOMBRE PERSONAL
Nombre personal Beauvoir, Simone de
Rol del autor Autor
245 #0 - TÍTULO
Título La sangre de los otros /
Mención de responsabilidad por Simone de Beauvoir [Autor]
264 ## - PIE DE IMPRENTA
Lugar Barcelona :
Editorial Seix Barral,
Año ℗1985.
300 ## - DESCRIPCIÓN FÍSICA
Páginas 1 volumen
520 ## - NOTA DE RESUMEN
Nota de resumen "La sangre de los otros" de Simone de Beauvoir es una novela que aborda las complejidades de la guerra, la libertad y la responsabilidad individual en el contexto de la ocupación nazi en Francia durante la Segunda Guerra Mundial. A través de la vida de sus personajes principales, como el joven filósofo de izquierda Jean Blomart y su amante, la activista Hélène, la autora explora los dilemas morales y las decisiones difíciles que enfrentan aquellos que luchan por la justicia en tiempos de opresión. La obra destaca la lucha interna entre el amor y el deber, así como la traición y la lealtad, reflejando la angustia de una generación marcada por el conflicto. Beauvoir utiliza un estilo narrativo introspectivo y profundo, invitando al lector a reflexionar sobre el sentido de la vida y el compromiso político. Así, la novela no solo ofrece una crítica a la guerra, sino que también plantea interrogantes sobre la condición humana y la necesidad de actuar en nombre de los demás.
653 ## - MATERIA - TÉRMINO TEMÁTICO NO CONTROLADO (PALABRAS CLAVE)
Materia - término temático no controlado (palabras clave) Existencialismo
653 ## - MATERIA - TÉRMINO TEMÁTICO NO CONTROLADO (PALABRAS CLAVE)
Materia - término temático no controlado (palabras clave) Feminismo
653 ## - MATERIA - TÉRMINO TEMÁTICO NO CONTROLADO (PALABRAS CLAVE)
Materia - término temático no controlado (palabras clave) Filosofía
942 ## - ELEMENTOS PERSONALIZADOS (KOHA)
Fecha catalogación 2026/02/17
Tipo de documento Libros
Existencias
Fuente de Clasificacion Colección Ubicacion permanente Biblioteca actual Fecha de Ingreso a la Biblioteca Origen de adquisición Código de ubicación Código de barras Tipo de Item KOHA Nota pública
Dewey Decimal Classification Colección General (CG) Biblioteca e Internet, Facultad de Ciencias Exactas y Naturales Biblioteca e Internet, Facultad de Ciencias Exactas y Naturales 02/20/2026 Donación 843 B386s CG2503 Libros Material disponible en la Biblioteca e Intenet, Campus UNA, San Lorenzo.